00814 a2200217 4500001000700000020001500007040003200022090001300054100001800067245001800085260000800103300004600111362000900157520023000166650002700396650002600423650002400449942000700473952009700480999001900577124694 a1570820872 cEscola Canadense de Niteroi aL2 - FER aFerguson, Don10aThe lion king aUSA a96 p.c5 x 0.5 x 11.75 inches (hardcover)0 a1994 aThe exciting tale of Simba, a young cub who earns his place in the Circle of Life, is retold in the classic Little Golden Book format. Children will roar with excitement as they read this retelling of Disney's The Lion King.  4aBooks That Have Movies 4aChildren's Literature 4aAction or Adventure cBK 00104070a80.1b80.1d2024-02-09l0oL2 - FERpA00783r2024-03-01 17:11:57w2024-02-09yBK c124694d124694